| 000 | 00437nam a22001457a 4500 | ||
|---|---|---|---|
| 008 | 140801b xxu||||| |||| 00| 0 eng d | ||
| 050 | _aKD1815.A2.L57(1931 vol.39) | ||
| 245 |
_aLloyd's list Law Reports: Hilary sittings(1931 vol.39). / _cH.P. Henley |
||
| 260 |
_aLondon: _bLloyd's, _c1931. |
||
| 300 |
_avii, 311p.: _c24cm. |
||
| 440 |
_pHilary Sittings _vVol.39 |
||
| 500 | _aIncludes index | ||
| 800 | _aHenley, H.P. | ||
| 942 |
_2lcc _cBK |
||
| 999 |
_c3220 _d10720 |
||